| 000 | 00729nam a2200217Ia 4500 | ||
|---|---|---|---|
| 008 | 101110s9999 xx 000 0 und d | ||
| 041 | _aENGLISH | ||
| 082 | _bSR30748 | ||
| 100 | _aChopde L.N., Choudhari D.H., Kanabar Dhiren Kukreja R.G. and others | ||
| 245 | _aAccountancy and financial management SYBCom (Including free commerce II M&F) | ||
| 260 |
_c2008 _bSheth pub.pvt.ltd.,Mumbai |
||
| 300 | _a344 | ||
| 365 | _b225 | ||
| 520 | _aCommerce | ||
| 546 | _aENGLISH | ||
| 630 | _aAccountancy and financial management SYBCom (Including free commerce II M&F) | ||
| 650 | _aCommerce | ||
| 655 | _aCommerce | ||
| 730 | _aAccountancy and financial management SYBCom (Including free commerce II M&F) | ||
| 942 | _cBOOK | ||
| 999 |
_c823251 _d823248 |
||